000 02870am aa2200529i 44500
003 PE-LiUPU
005 20251023113915.0
008 2002s2020 pe#a rb 001 0 spa d
020 _a9786123175245
035 _aPE-LiUPU000052
040 _aPE-LiUPU
_bspa
_cPE-LiUPU
_erda
082 0 4 _a720.1
_223
_bM181e
100 _aMaderuelo, Javier,
_eautor.
_97446
245 1 0 _aEspacio, paisaje y territorio :
_bdos conferencias y unas notas de viaje /
_cpor Javier Maderuelo.
264 1 _aLima :
_bFondo Editorial de la Pontificia Universidad Católica del Perú, Facultad de Arquitectura y Urbanismo,
_c2020.
300 _a121 páginas :
_bilustraciones, fotografías ;
_c24 cm.
336 _atexto
_btxt
_2rdacontent
337 _asin mediación
_bn
_2rdamedia
338 _avolumen
_bnc
_2rdacarrier
490 1 _aColección Decir Arquitectura
500 _aPrimera edición. Tiraje de 500 ejemplares.
500 _aEditor: Paulo Dam.
500 _aDiseño, diagramación y revisión de textos: Arquitectura PUCP Publicaciones.
500 _aDepósito legal en la Biblioteca Nacional del Perú N.º 2019-13380.
500 _aImpreso en Tarea Asociación Gráfica Educativa, Lima, febrero de 2020.
504 _aIncluye referencias a obras artísticas y arquitectónicas citadas.
505 0 _aIntroducción -- El espacio en la arquitectura y el arte -- El paisaje como patrimonio cultural -- Territorio: notas de viaje -- Dossier fotográfico.
520 _aEnsayos que reflexionan sobre la noción contemporánea de paisaje desde la arquitectura y las artes visuales, explorando la relación entre espacio físico, percepción cultural y territorio. A través de una perspectiva crítica y estética, el autor analiza el paisaje como patrimonio y como construcción simbólica de la modernidad.
546 _aTexto en español.
600 1 4 _aMaderuelo, Javier
_xCrítica e interpretación.
_97447
650 2 4 _aArquitectura
_xFilosofía.
650 1 4 _aPaisaje en el arte.
650 2 4 _aPaisaje (Estética)
650 0 _aTerritorio (Arquitectura)
650 0 _aArte y arquitectura
_xInterrelaciones.
655 7 _aEnsayos españoles
_2rdfs
700 _aDam, Paulo,
_eeditor.
_97448
700 _aCanziani, José,
_efotógrafo.
_97449
710 _aPontificia Universidad Católica del Perú.
_bFacultad de Arquitectura y Urbanismo,
_eeditor.
_97406
710 _aFondo Editorial PUCP,
_eeditor.
_97407
710 _aTarea Asociación Gráfica Educativa,
_eimpresor.
_97348
830 0 _aColección Decir Arquitectura.
856 4 0 _uhttps://repositorio.pucp.edu.pe
_zRepositorio institucional PUCP – Fondo Editorial.
942 _2ddc
_cBK
980 _621515
_aROMINA COBOS Adquisiciones
_818226
_gJaime Vilcazán Jefe de Análisis Documental
999 _c63132
_d63131